Carbon-13 NMR Spectral Data : A "Living" COM-Microfiche Collection of Reference Material.4.Edition

Salvato in:
Dettagli Bibliografici
Natura: Libro
Pubblicazione: Weinheim : VCH, 1987
Tags: Aggiungi Tag
Nessun Tag, puoi essere il primo ad aggiungerne!!

MARC

LEADER 00000nam a22000003a 4500
001 stu19523
005 20150408175910.5
008 ------s1987----gw----------------------d
040 |a STU  |b slo 
041 0
044 |a gw 
080 |a 543.422.25 
245 |a Carbon-13 NMR Spectral Data :  |b A "Living" COM-Microfiche Collection of Reference Material.4.Edition 
260 |a Weinheim :  |b VCH,  |c 1987 
300 |a 36 s  |c Spektrá 
996 |b C77765  |c C*77765  |l CCXXV  |s P  |a 0  |w stu19523_0001